在空白地图上画出广西所有县级行政区Counties in Guangxi with an empty map - Statistics

General Stats
  • This quiz has been taken 124 times
  • The average score is 73 of 111
Answers on the Map
Answers color-coded by a green-red scale on the quiz's map according to % correct below.
 
Answer Stats
地级 县级 % Correct
桂林市 阳朔县
91%
柳州市 柳南区
88%
柳州市 柳北区
88%
柳州市 柳城县
88%
防城港市 防城区
88%
南宁市 江南区
85%
桂林市 临桂区
85%
北海市 银海区
85%
钦州市 钦南区
85%
钦州市 钦北区
85%
贵港市 桂平市
85%
南宁市 青秀区
82%
南宁市 西乡塘区
82%
南宁市 邕宁区
82%
南宁市 武鸣区
82%
桂林市 叠彩区
82%
防城港市 港口区
82%
贵港市 港北区
82%
贵港市 港南区
82%
柳州市 鱼峰区
79%
柳州市 柳江区
79%
桂林市 象山区
79%
北海市 合浦县
79%
防城港市 东兴市
79%
百色市 右江区
79%
河池市 金城江区
79%
河池市 巴马瑶族自治县
79%
崇左市 凭祥市
79%
南宁市 兴宁区
76%
南宁市 横州市
76%
柳州市 城中区
76%
桂林市 七星区
76%
梧州市 苍梧县
76%
北海市 海城区
76%
北海市 铁山港区
76%
玉林市 玉州区
76%
贺州市 八步区
76%
南宁市 宾阳县
74%
玉林市 博白县
74%
玉林市 北流市
74%
百色市 平果市
74%
桂林市 荔浦市
71%
梧州市 藤县
71%
河池市 宜州区
71%
柳州市 融安县
68%
柳州市 融水苗族自治县
68%
桂林市 秀峰区
68%
桂林市 雁山区
68%
桂林市 灵川县
68%
桂林市 恭城瑶族自治县
68%
防城港市 上思县
68%
钦州市 浦北县
68%
百色市 田阳区
68%
贺州市 平桂区
68%
崇左市 天等县
68%
南宁市 良庆区
65%
柳州市 鹿寨县
65%
柳州市 三江侗族自治县
65%
桂林市 全州县
65%
桂林市 资源县
65%
梧州市 岑溪市
65%
玉林市 容县
65%
百色市 田东县
65%
南宁市 马山县
62%
百色市 德保县
62%
百色市 隆林各族自治县
62%
百色市 靖西市
62%
来宾市 兴宾区
62%
桂林市 兴安县
59%
玉林市 兴业县
59%
百色市 田林县
59%
贺州市 钟山县
59%
河池市 罗城仫佬族自治县
59%
河池市 环江毛南族自治县
59%
来宾市 象州县
59%
崇左市 江州区
59%
崇左市 龙州县
59%
梧州市 龙圩区
56%
钦州市 灵山县
56%
百色市 凌云县
56%
百色市 乐业县
56%
百色市 西林县
56%
河池市 南丹县
56%
河池市 大化瑶族自治县
56%
来宾市 武宣县
56%
崇左市 大新县
56%
南宁市 隆安县
53%
南宁市 上林县
53%
贵港市 覃塘区
53%
河池市 天峨县
53%
河池市 都安瑶族自治县
53%
桂林市 龙胜各族自治县
50%
梧州市 长洲区
50%
玉林市 福绵区
50%
百色市 那坡县
50%
贺州市 富川瑶族自治县
50%
来宾市 合山市
50%
崇左市 扶绥县
50%
梧州市 万秀区
47%
贵港市 平南县
47%
玉林市 陆川县
47%
贺州市 昭平县
47%
来宾市 金秀瑶族自治县
47%
桂林市 灌阳县
44%
桂林市 平乐县
44%
梧州市 蒙山县
44%
桂林市 永福县
41%
崇左市 宁明县
41%
河池市 东兰县
38%
来宾市 忻城县
38%
河池市 凤山县
32%
No matching quizzes found
Score Distribution
Percent of People with Each Score
Percentile by Number Answered
Your Score History
You have not taken this quiz